| 000 | 01509cam a22002054a 4500 | ||
|---|---|---|---|
| 005 | 20250605163920.0 | ||
| 008 | 250528s1992 ||||||||||||||||||||||||d | ||
| 035 | _a14368 | ||
| 020 | _a745614132 | ||
| 040 |
_aGR-AtMCL _bgre _dGR-AtMCL _eAACR2 |
||
| 245 | 1 | _aInternational Production / Trends, Theories, Effects | |
| 250 | _a1st | ||
| 260 |
_bPolicy Press, _c1992 |
||
| 300 | _a242 | ||
| 520 | _aA careful blend of presentation and critical evaluation of a wide range of theories on transnational corporations with a balanced discussion of their effects. Preface, Acknowledgements, Agents and Trends, The Internationalization Process: Agents and Conditions, Trends in Internationalization, Theories, Marxist Approaches, Classical Writers on Imperialism, The Realization Problem Back in Fashion, Some Recent Marxist Approaches, The Neo-Classical Paradigm, Foreign Investment within the Neo-classical Paradigm, Prevalent Theories, Foreign Investment and Market Imperfections: The Hymer and Kindleberger Approach, The Product Life Cycle and Foreign Direct Investment, Currently Areas and Foreign Direct Investment, Internationalization as an Explanation for International Production, Dunning's Eclectic Approach, Strategic Approaches, Oligopolistic Reactions as an Explanation for Foreign Direct Investment, Effects, Methodological Issues, Multinational Domination of National Economies, Notes, Bibliography, Index. | ||
| 700 | 1 |
_aIetto-Gillies Grazia _93 |
|
| 942 | _cBK | ||
| 999 |
_c3 _d3 |
||